000 00703nam a2200229Ia 4500
003 GCL
008 140319s9999 xx 000 0 ara d
040 _aGCL /
_cGCL
082 0 4 _aط
_b813.088
_bر م
100 1 _aرائف فضل الله
245 1 0 _aمعركة احد /
_cرائف فضل الله
260 _a[S.N] :
_bدار الفردوس
490 _aسلسلة معارك الاسلام الكبرى
_v0
650 0 4 _aالاسلام
650 0 4 _aالاطفال
650 0 4 _aالفتوحات الاسلامية
650 0 4 _aالقصص
650 0 4 _aقصص الاطفال
650 0 4 _aالقصص الدينية
650 0 4 _aالغزوات الاسلامية
942 _2ddc
_cBK
999 _c57293
_d57293